Motives and methods in evangelism. (Record no. 11007)

000 -LEADER
fixed length control field 00531nam a2200181 a 4500
001 - CONTROL NUMBER
control field :::00008800$&:&@@
003 - CONTROL NUMBER IDENTIFIER
control field OkBaRHE
005 - DATE AND TIME OF LATEST TRANSACTION
control field 20000607103346.0
008 - FIXED-LENGTH DATA ELEMENTS--GENERAL INFORMATION
fixed length control field s1962 j 000 0 eng u
040 ## - CATALOGING SOURCE
Transcribing agency
100 1# - MAIN ENTRY--PERSONAL NAME
Personal name Stott, John R. W.
245 10 - TITLE STATEMENT
Title Motives and methods in evangelism.
260 ## - PUBLICATION, DISTRIBUTION, ETC. (IMPRINT)
Place of publication, distribution, etc London, UK:ENG., :
Name of publisher, distributor, etc Inter-Varsity Fellowship
Date of publication, distribution, etc 1962
300 ## - PHYSICAL DESCRIPTION
Extent 19 p.
650 ## - SUBJECT ADDED ENTRY--TOPICAL TERM
Topical term or geographic name as entry element Evangelism
942 ## - ADDED ENTRY ELEMENTS (KOHA)
Source of classification or shelving scheme
Koha item type Books
Copies
Barcode Full call number Date acquired Koha item type Price effective from Source of classification or shelving scheme Withdrawn status Permanent Location Copy number Damaged status Lost status Not for loan Date last seen Shelving location
8800BV 3795 .S82010-04-14Books2010-04-14  RHEMA Bible Training College1   2010-04-14General Stacks